MARC

LEADER 00000nam0a2200000 4500
001 35250
005 20231101210305.0
035 |a (RuTPU)RU\TPU\book\35674 
035 |a BOOK00002326 
090 |a 35250 
100 |a 20011210d1970 k y0rusy50 ca 
101 0 |a rus 
102 |a RU 
105 |a y z 000zy 
200 1 |a Методы анализа природных вод  |f А. А. Резников, Е. П. Муликовская, И. Ю. Соколов 
205 |a 3-е изд., перераб. и доп. 
210 |a Москва  |c Недра  |d 1970 
215 |a 488 с. 
606 1 |a Воды природные  |x Анализ  |2 stltpush  |3 (RuTPU)RU\TPU\subj\3202  |9 31655 
610 1 |a геология 
610 1 |a химический состав 
610 1 |a методы анализа 
610 1 |a органические вещества 
610 1 |a определение 
610 1 |a приборы 
610 1 |a аппаратура 
610 1 |a описание 
610 1 |a таблицы 
675 |a 556.114  |v 3 
700 1 |a Резников  |b А. А.  |g Александр Абрамович 
701 1 |a Муликовская  |b Е. П.  |g Елизавета Павловна 
701 1 |a Соколов  |b И. Ю.  |g Игорь Юрьевич 
801 0 |a RU  |b 63413507  |c 20011210  |g PSBO 
801 2 |a RU  |b 63413507  |c 20230213  |g PSBO 
900 |a Методы исследования вещественного состава природных объектов 
942 |c BK